MARC details
| 000 -CABECERA |
| campo de control de longitud fija |
01270nam a2200301 a 4500 |
| 003 - IDENTIFICADOR DEL NÚMERO DE CONTROL |
| campo de control |
MX-MxUPN |
| 005 - FECHA Y HORA DE LA ÚLTIMA TRANSACCIÓN |
| campo de control |
20240925064324.0 |
| 008 - ELEMENTOS DE LONGITUD FIJA--INFORMACIÓN GENERAL |
| campo de control de longitud fija |
010918s1903 fr 001 0 spa d |
| 035 ## - NÚMERO DE CONTROL DEL SISTEMA |
| Número de control de sistema |
UPN01000111725 |
| 040 ## - FUENTE DE LA CATALOGACIÓN |
| Centro catalogador/agencia de origen |
MX-MxUPN |
| Lengua de catalogación |
spa |
| Centro/agencia transcriptor |
MX-MxUPN |
| 041 ## - CÓDIGO DE IDIOMA |
| Código de lengua del texto/banda sonora o título independiente |
spa |
| 050 04 - SIGNATURA TOPOGRÁFICA DE LA BIBLIOTECA DEL CONGRESO |
| Número de clasificación |
LB1115 |
| Número de documento/Ítem |
A47 1903 |
| 100 1# - ASIENTO PRINCIPAL--NOMBRE PERSONAL |
| Nombre de persona |
Alcántara García, Pedro de |
| 9 (RLIN) |
28696 |
| 245 10 - MENCIÓN DE TÍTULO |
| Título |
Teoría y práctica de la educación y la enseñanza : |
| Resto del título |
curso completo y enciclopédico de pedagogía : expuesto conforme a un método rigurosamente didáctico |
| 250 ## - MENCIÓN DE EDICIÓN |
| Mención de edición |
Segunda edición |
| 260 ## - PUBLICACIÓN, DISTRIBUCIÓN, ETC. |
| Lugar de publicación, distribución, etc. |
Madrid : |
| Nombre del editor, distribuidor, etc. |
Sucesores de Hernando, |
| Fecha de publicación, distribución, etc. |
1904. |
| 300 ## - DESCRIPCIÓN FÍSICA |
| Extensión |
volúmenes |
| 500 ## - NOTA GENERAL |
| Nota general |
La biblioteca tiene el v.4, v.7 y v.8 |
| 650 #4 - ASIENTO SECUNDARIO DE MATERIA - TERMINO TEMATICO |
| Término de materia o nombre geográfico como elemento de entrada |
Educación |
| Subdivisión general |
Estudio y enseñanza |
| 9 (RLIN) |
1553 |
| 650 #4 - ASIENTO SECUNDARIO DE MATERIA - TERMINO TEMATICO |
| Término de materia o nombre geográfico como elemento de entrada |
Psicopedagogía |
| 9 (RLIN) |
5085 |
| 650 #4 - ASIENTO SECUNDARIO DE MATERIA - TERMINO TEMATICO |
| Término de materia o nombre geográfico como elemento de entrada |
Niño, Estudio del |
| 9 (RLIN) |
221 |
| 710 2# - ASIENTO SECUNDARIO - NOMBRE CORPORATIVO |
| 9 (RLIN) |
51335 |
| Nombre de entidad corporativa o nombre de jurisdicción como elemento de entrada |
Museo Pedagógico Nacional (México) |
| Término indicativo de función/relación |
propietario anterior |
| 710 1# - ASIENTO SECUNDARIO - NOMBRE CORPORATIVO |
| 9 (RLIN) |
51349 |
| Nombre de entidad corporativa o nombre de jurisdicción como elemento de entrada |
México. |
| Unidad subordinada |
Secretaría de Educación Pública. |
| -- |
Biblioteca Pública |
| Término indicativo de función/relación |
propietario anterior |
| 775 0# - ENTRADA/ENLACE A OTRA EDICIÓN |
| Título |
Teoría y práctica de la educación y la enseñanza : curso completo y enciclopédico de pedagogía : expuesto conforme a un método rigurosamente didáctico |
| 902 ## - ELEMENTOS DE DATOS B LOCAL, LDB (RLIN) |
| Modificó |
MaríaRobles/120624 |
| 905 ## - TIPO DE MATERIAL |
| Tipo de material |
Libro |
| 942 ## - ELEMENTOS DE PUNTO DE ACCESO ADICIONAL (KOHA) |
| Fuente del sistema de clasificación o colocación |
Library of Congress Classification |
| Tipo de ítem Koha |
Libro |
| Suprimir en OPAC |
No |